[Event "Innsbruck op"]
[Site "Innsbruck"]
[Date "2024.08.24"]
[Round "1"]
[White "Pecnik, Leo"]
[Black "Platzgummer, Peter"]
[Result "1-0"]
[WhiteElo "2245"]
[BlackElo "1909"]
[PlyCount "61"]
[EventDate "2024.08.24"]
[EventType "swiss"]
[EventRounds "9"]
[EventCountry "AUT"]
[SourceTitle "CBM 221 Extra"]
[Source "ChessBase"]
[SourceDate "2024.09.30"]
[SourceVersion "1"]
[SourceVersionDate "2024.09.30"]
[SourceQuality "1"]

1. d4 d5 2. Bf4 Nf6 3. e3 c5 4. Nc3 a6 5. dxc5 Nc6 6. Nf3 e6 7. Na4 Bxc5 8. Nxc5 Qa5+ 9. c3 Qxc5 10. Bd3 0-0 11. 0-0 h6 12. Ne5 Nd7 13. Nxd7 Bxd7 14. Qg4 e5 15. Qxd7 exf4 16. Qf5 g6 17. Qxf4 Kg7 18. Rfd1 Rae8 19. Bc2 Re5 20. Rd2 Rfe8 21. Rad1 R8e6 22. Bb3 Rf6 23. Rxd5 Rxf4 24. Rxc5 Rf6 25. Rxe5 Nxe5 26. h3 b5 27. f4 Nc4 28. Bxc4 bxc4 29. b4 cxb3 30. axb3 Rb6 31. b4 1-0

[Event "Innsbruck op-B 2nd"]
[Site "Innsbruck"]
[Date "2018.08.26"]
[Round "3"]
[White "Platzgummer, Peter"]
[Black "Janda, Bernhard"]
[Result "1-0"]
[WhiteElo "1929"]
[BlackElo "1718"]
[PlyCount "109"]
[EventDate "2018.08.24"]
[EventType "swiss"]
[EventRounds "9"]
[EventCountry "AUT"]
[SourceTitle "CBM 186 Extra"]
[Source "ChessBase"]
[SourceDate "2018.08.24"]
[SourceVersion "1"]
[SourceVersionDate "2018.08.24"]
[SourceQuality "1"]

1. e4 b6 2. d4 Bb7 3. Nc3 d6 4. Bf4 e6 5. Nf3 Be7 6. Bd3 Nf6 7. 0-0 0-0 8. Qe2 h6 9. Nd1 Nh7 10. e5 Re8 11. c4 Nd7 12. Nc3 c6 13. Be3 Ndf8 14. Rfd1 d5 15. Rac1 f5 16. Qc2 g5 17. h3 h5 18. g4 hxg4 19. hxg4 fxg4 20. Nh2 g3 21. Nf1 gxf2+ 22. Bxf2 g4 23. Qd2 dxc4 24. Be4 Bg5 25. Be3 Bxe3+ 26. Qxe3 Re7 27. Ng3 Rf7 28. Qh6 Qg5 29. Qxg5+ Nxg5 30. Bg2 Nfh7 31. Nce4 Rd8 32. Nd6 Rxd6 33. exd6 Rd7 34. Rxc4 Rxd6 35. Rdc1 Nf6 36. Bxc6 Ba6 37. Ra4 Bd3 38. Rxa7 Rxd4 39. Be4 Bb5 40. Rc8+ Be8 41. Bc6 Kf8 42. Raa8 Rd1+ 43. Kg2 Rd2+ 44. Kf1 Rc2 45. Ne2 Ke7 46. Bxe8 Rxb2 47. Bg6 Nge4 48. Bxe4 Nxe4 49. Rc1 Kd6 50. Re1 e5 51. a4 Ra2 52. Rd8+ Kc7 53. Rd5 Rxa4 54. Rxe5 Ra2 55. Rxe4 1-0

[Event "Innsbruck op-B 2nd"]
[Site "Innsbruck"]
[Date "2018.08.26"]
[Round "2"]
[White "Schwarz, Benedikt"]
[Black "Platzgummer, Peter"]
[Result "1/2-1/2"]
[WhiteElo "1677"]
[BlackElo "1929"]
[PlyCount "45"]
[EventDate "2018.08.24"]
[EventType "swiss"]
[EventRounds "9"]
[EventCountry "AUT"]
[SourceTitle "CBM 186 Extra"]
[Source "ChessBase"]
[SourceDate "2018.08.24"]
[SourceVersion "1"]
[SourceVersionDate "2018.08.24"]
[SourceQuality "1"]

1. d4 d5 2. Bf4 Nf6 3. e3 c5 4. c3 Nc6 5. Nd2 Qb6 6. Qb3 c4 7. Qc2 Nh5 8. Bg5 h6 9. Bh4 g5 10. Bg3 Nxg3 11. hxg3 Bg7 12. b3 cxb3 13. axb3 e5 14. Bd3 Be6 15. dxe5 Nxe5 16. Ngf3 Nxd3+ 17. Qxd3 Rc8 18. Nd4 a6 19. 0-0 0-0 20. Rfc1 Rc7 21. b4 Rfc8 22. N2b3 Bf8 23. Qd2 1/2-1/2

[Event "Innsbruck op-B 2nd"]
[Site "Innsbruck"]
[Date "2018.08.24"]
[Round "1"]
[White "Platzgummer, Peter"]
[Black "Reisner, Hans"]
[Result "1-0"]
[WhiteElo "1929"]
[BlackElo "1608"]
[PlyCount "67"]
[EventDate "2018.08.24"]
[EventType "swiss"]
[EventRounds "9"]
[EventCountry "AUT"]
[SourceTitle "CBM 186 Extra"]
[Source "ChessBase"]
[SourceDate "2018.08.24"]
[SourceVersion "1"]
[SourceVersionDate "2018.08.24"]
[SourceQuality "1"]

1. e4 d5 2. exd5 Qxd5 3. Nc3 Qa5 4. d4 Nf6 5. Bc4 Bg4 6. f3 Bh5 7. Nge2 e6 8. 0-0 c6 9. Bd2 Nbd7 10. Nf4 0-0-0 11. Qe2 Bd6 12. Ne4 Qc7 13. Nxd6+ Qxd6 14. c3 Nb6 15. Bb3 Nbd5 16. Nd3 Nd7 17. Bg5 f6 18. Bh4 Bg6 19. Bg3 Bxd3 20. Qxd3 e5 21. Rae1 Nf4 22. Bxf4 exf4 23. Re6 Qc7 24. Re7 g6 25. Rfe1 Qb6 26. Qc4 Kb8 27. Qe6 Ne5 28. Qxf6 Nd3 29. Rd1 Rhf8 30. Qh4 Rxd4 31. cxd4 Qxd4+ 32. Kf1 Rd8 33. Re4 Qb6 34. Rxd3 1-0

[Event "Innsbruck op-A 1st"]
[Site "Innsbruck"]
[Date "2017.09.02"]
[Round "9"]
[White "Schnabl, Andreas"]
[Black "Platzgummer, Peter"]
[Result "1/2-1/2"]
[WhiteElo "2067"]
[BlackElo "1945"]
[PlyCount "52"]
[EventDate "2017.08.25"]
[EventType "swiss"]
[EventRounds "9"]
[EventCountry "AUT"]
[SourceTitle "CBM 180 Extra"]
[Source "ChessBase"]
[SourceDate "2017.10.06"]
[SourceVersion "1"]
[SourceVersionDate "2017.10.06"]
[SourceQuality "1"]

1. e4 c5 2. Nf3 d6 3. Bb5+ Bd7 4. Bxd7+ Qxd7 5. c4 Nf6 6. Nc3 g6 7. d4 cxd4 8. Nxd4 Bg7 9. f3 0-0 10. Be3 Rc8 11. b3 Nc6 12. Nde2 e6 13. Rc1 d5 14. c5 dxe4 15. Qxd7 Nxd7 16. Nxe4 Nb4 17. 0-0 Nd3 18. Rc2 b6 19. Rd1 N7xc5 20. Nxc5 Nxc5 21. Rdc1 Rd8 22. Bxc5 bxc5 23. Rxc5 Rd2 24. R5c2 Rad8 25. Kf1 Bh6 26. Ng3 R2d7 1/2-1/2

[Event "Innsbruck op-A 1st"]
[Site "Innsbruck"]
[Date "2017.08.31"]
[Round "7"]
[White "Platzgummer, Peter"]
[Black "Beshukova, Alina"]
[Result "1/2-1/2"]
[WhiteElo "1945"]
[BlackElo "1936"]
[PlyCount "110"]
[EventDate "2017.08.25"]
[EventType "swiss"]
[EventRounds "9"]
[EventCountry "AUT"]
[SourceTitle "CBM 180 Extra"]
[Source "ChessBase"]
[SourceDate "2017.10.06"]
[SourceVersion "1"]
[SourceVersionDate "2017.10.06"]
[SourceQuality "1"]

1. e4 c5 2. Nf3 e6 3. d4 cxd4 4. Nxd4 a6 5. Nc3 Qc7 6. Bd3 b5 7. 0-0 Bb7 8. Qe2 d6 9. a4 b4 10. Na2 d5 11. c3 bxc3 12. Nxc3 Nf6 13. Bg5 dxe4 14. Nxe4 Nxe4 15. Bxe4 Be7 16. Rac1 Qd7 17. Nf3 Bxg5 18. Nxg5 h6 19. Rfd1 Qe7 20. Qf3 0-0 21. Bxb7 Ra7 22. Be4 Qxg5 23. Qd3 Rd7 24. Qe2 Rfd8 25. Qc2 g6 26. g3 Kh7 27. Rxd7 Rxd7 28. Rd1 Qd8 29. Rxd7 Nxd7 30. Qd3 Qc8 31. Qd4 Qc7 32. b4 Nb6 33. b5 axb5 34. axb5 Kg8 35. Bc6 Kh7 36. h4 Nc8 37. Qd7 Qxd7 38. Bxd7 Nb6 39. Bc6 Kg7 40. f4 Kf6 41. Kf2 g5 42. h5 gxf4 43. gxf4 e5 44. fxe5+ Kxe5 45. Ke3 f5 46. Bf3 Nd7 47. Bd1 Nb6 48. Be2 Nd7 49. Bf3 Nb6 50. Bg2 Nd7 51. Kd3 Nb6 52. Bb7 Kf4 53. Kd4 Kg3 54. Ke5 Kg4 55. Bc6 Kg5 1/2-1/2

[Event "Innsbruck op-A 1st"]
[Site "Innsbruck"]
[Date "2017.08.29"]
[Round "5"]
[White "Kreutzmann, Duke"]
[Black "Platzgummer, Peter"]
[Result "1-0"]
[WhiteElo "1937"]
[BlackElo "1945"]
[PlyCount "95"]
[EventDate "2017.08.25"]
[EventType "swiss"]
[EventRounds "9"]
[EventCountry "AUT"]
[SourceTitle "CBM 180 Extra"]
[Source "ChessBase"]
[SourceDate "2017.10.06"]
[SourceVersion "1"]
[SourceVersionDate "2017.10.06"]
[SourceQuality "1"]

1. d4 d5 2. Nf3 Nf6 3. Bf4 c5 4. e3 Nc6 5. c3 Qb6 6. Qb3 c4 7. Qc2 Bf5 8. Qc1 e6 9. Nbd2 Na5 10. Be2 Be7 11. h3 h6 12. Ne5 Bd6 13. 0-0 Ke7 14. Bxc4 Bxe5 15. dxe5 dxc4 16. exf6+ gxf6 17. b4 cxb3 18. Qa3+ Ke8 19. axb3 Bd3 20. Qxa5 Qxa5 21. Rxa5 Bxf1 22. Kxf1 e5 23. Bg3 Ke7 24. Bh4 Ke6 25. Ne4 b6 26. Ra6 f5 27. Nc5+ Kd5 28. Bf6 Rhc8 29. Nd7 Ke6 30. Nxb6 axb6 31. Rxb6+ Kd5 32. Rb5+ Rc5 33. Rxc5+ Kxc5 34. Bxe5 Ra2 35. g3 Kd5 36. Bd4 Ke4 37. Kg2 h5 38. h4 Rb2 39. b4 Rb3 40. Bf6 Rb2 41. Be7 Rc2 42. Bf6 Rb2 43. Bd4 Rb3 44. f3+ Kd3 45. g4 fxg4 46. fxg4 hxg4 47. h5 f5 48. h6 1-0

[Event "Innsbruck op-A 1st"]
[Site "Innsbruck"]
[Date "2017.08.28"]
[Round "3"]
[White "Pilz, Dieter"]
[Black "Platzgummer, Peter"]
[Result "1-0"]
[WhiteElo "2205"]
[BlackElo "1945"]
[PlyCount "55"]
[EventDate "2017.08.25"]
[EventType "swiss"]
[EventRounds "9"]
[EventCountry "AUT"]
[SourceTitle "CBM 180 Extra"]
[Source "ChessBase"]
[SourceDate "2017.10.06"]
[SourceVersion "1"]
[SourceVersionDate "2017.10.06"]
[SourceQuality "1"]

1. c4 Nf6 2. Nc3 c6 3. Nf3 d5 4. e3 a6 5. d4 b5 6. b3 Bg4 7. Be2 Nbd7 8. 0-0 e6 9. h3 Bxf3 10. Bxf3 Be7 11. a4 b4 12. Nb1 a5 13. Nd2 0-0 14. e4 dxe4 15. Nxe4 Rc8 16. Bb2 c5 17. Qe2 Nxe4 18. Bxe4 Nf6 19. Rad1 Nxe4 20. Qxe4 Qc7 21. dxc5 Bxc5 22. Qg4 g6 23. Qh4 f5 24. Rfe1 Qf7 25. Qf4 Be7 26. Rd7 Bg5 27. Qe5 Bf4 28. Rxf7 1-0

[Event "Innsbruck op-A 1st"]
[Site "Innsbruck"]
[Date "2017.08.28"]
[Round "4"]
[White "Platzgummer, Peter"]
[Black "Staninski, Borislav"]
[Result "0-1"]
[WhiteElo "1945"]
[BlackElo "1972"]
[PlyCount "66"]
[EventDate "2017.08.25"]
[EventType "swiss"]
[EventRounds "9"]
[EventCountry "AUT"]
[SourceTitle "CBM 180 Extra"]
[Source "ChessBase"]
[SourceDate "2017.10.06"]
[SourceVersion "1"]
[SourceVersionDate "2017.10.06"]
[SourceQuality "1"]

1. e4 c5 2. Nf3 d6 3. d4 cxd4 4. Nxd4 Nf6 5. Nc3 a6 6. Be3 e6 7. f3 Be7 8. Qd2 0-0 9. 0-0-0 b5 10. a3 Bb7 11. g4 Nc6 12. h4 Rc8 13. Qf2 Ne5 14. g5 Nfd7 15. Nb3 Rxc3 16. bxc3 Nc4 17. Bxc4 bxc4 18. Nd4 d5 19. f4 Bxa3+ 20. Kd2 Nc5 21. Qf3 Nxe4+ 22. Ke1 Nxc3 23. Rd2 Ne4 24. Rdh2 Qa5+ 25. Kf1 Bc5 26. Kg2 Qc3 27. Rd1 a5 28. h5 a4 29. g6 h6 30. Rhh1 e5 31. Nf5 d4 32. Rb1 Bd5 33. Nxh6+ gxh6 0-1

[Event "Seefeld op 19th"]
[Site "Seefeld"]
[Date "2008.09.05"]
[Round "1"]
[White "Quinn, John M"]
[Black "Platzgummer, Peter"]
[Result "1-0"]
[WhiteElo "2136"]
[BlackElo "1959"]
[PlyCount "67"]
[EventDate "2008.09.05"]
[EventType "swiss"]
[EventRounds "9"]
[EventCountry "AUT"]
[SourceTitle "EXT 2010"]
[Source "ChessBase"]
[SourceDate "2010.11.25"]
[SourceVersion "1"]
[SourceVersionDate "2010.11.25"]
[SourceQuality "1"]

1. d4 Nf6 2. c4 e6 3. Nc3 Bb4 4. Qc2 c5 5. dxc5 0-0 6. a3 Bxc5 7. Nf3 b6 8. Bg5 Bb7 9. e3 Be7 10. Be2 Nc6 11. h4 Rc8 12. Rd1 a6 13. Bxf6 Bxf6 14. Ne4 d5 15. Nxf6+ Qxf6 16. Ng5 Qh6 17. Qb3 dxc4 18. Qxb6 Nd8 19. Rxd8 Rfxd8 20. Qxb7 Qg6 21. 0-0 h6 22. Nf3 Qc2 23. Nd4 Qa4 24. Bh5 Qd7 25. Qxa6 Rc5 26. Bf3 Rb8 27. Nc6 Rxb2 28. Rd1 Qc7 29. Qa8+ Kh7 30. Qe8 Rb7 31. h5 c3 32. Be4+ Rf5 33. Rd8 Qxd8 34. Qxd8 1-0

[Event "Seefeld op 18th"]
[Site "Seefeld"]
[Date "2007.09.04"]
[Round "4"]
[White "Platzgummer, Peter"]
[Black "Michel, Jan"]
[Result "1-0"]
[WhiteElo "1966"]
[BlackElo "1450"]
[PlyCount "87"]
[EventDate "2007.09.01"]
[EventType "swiss"]
[EventRounds "9"]
[EventCountry "AUT"]
[SourceTitle "EXT 2009"]
[Source "ChessBase"]
[SourceDate "2008.11.26"]
[SourceVersion "1"]
[SourceVersionDate "2008.11.26"]
[SourceQuality "1"]

1. e4 e5 2. Nf3 Nc6 3. d4 exd4 4. Nxd4 Bc5 5. Be3 Qf6 6. c3 a6 7. Bc4 Ne5 8. Be2 Qg6 9. Bf3 Nf6 10. Nd2 Nd3+ 11. Ke2 Ne5 12. Qc2 d6 13. h3 Bxd4 14. cxd4 Nc6 15. Rac1 0-0 16. d5 Ne5 17. Qxc7 Bd7 18. Qxd6 Bb5+ 19. Kd1 Nd3 20. Rc2 Rfe8 21. Qg3 Nb4 22. Qxg6 hxg6 23. Rc7 Nxa2 24. Kc2 Nb4+ 25. Kb3 a5 26. Bd4 Nd3 27. Rc3 Nb4 28. Rhc1 Na6 29. e5 a4+ 30. Ka3 Nh7 31. Ne4 Bd7 32. Nd6 Reb8 33. Bb6 Rf8 34. Ne4 Rfe8 35. Nc5 Nxc5 36. Rxc5 Ra6 37. Bc7 b6 38. R5c4 b5 39. Rc5 Ng5 40. Bg4 Bxg4 41. hxg4 Ne4 42. d6 Nxc5 43. Rxc5 Raa8 44. d7 1-0

[Event "Seefeld op 18th"]
[Site "Seefeld"]
[Date "2007.09.01"]
[Round "1"]
[White "Heinig, Wolfram"]
[Black "Platzgummer, Peter"]
[Result "1-0"]
[WhiteElo "2360"]
[BlackElo "1966"]
[PlyCount "81"]
[EventDate "2007.09.01"]
[EventType "swiss"]
[EventRounds "9"]
[EventCountry "AUT"]
[SourceTitle "EXT 2009"]
[Source "ChessBase"]
[SourceDate "2008.11.26"]
[SourceVersion "1"]
[SourceVersionDate "2008.11.26"]
[SourceQuality "1"]

1. d4 Nf6 2. c4 e6 3. g3 d5 4. Nf3 c6 5. Qc2 Nbd7 6. Nbd2 Bd6 7. Bg2 0-0 8. 0-0 Re8 9. Rd1 Qc7 10. e4 dxe4 11. Nxe4 Nxe4 12. Qxe4 Nf6 13. Qe2 Bd7 14. Ne5 Bf8 15. Bf4 Qa5 16. g4 h6 17. h4 Re7 18. Bf3 Be8 19. Kg2 Nd7 20. Nd3 Nb6 21. Nc5 Nc8 22. b4 Qd8 23. g5 Nd6 24. Bxd6 Qxd6 25. Qe3 f5 26. a3 f4 27. Qe2 Bg6 28. gxh6 gxh6 29. Be4 Rg7 30. Bxg6 Rxg6+ 31. Kf3 Bg7 32. h5 Rf6 33. Ne4 Qd7 34. Nxf6+ Bxf6 35. Rg1+ Kf7 36. Qe4 Qxd4 37. Qh7+ Bg7 38. Qg6+ Kf8 39. Rad1 Qc3+ 40. Rd3 Qe5 41. Rd7 1-0

[Event "Seefeld op 17th"]
[Site "Seefeld"]
[Date "2006.09.28"]
[Round "6"]
[White "Kroencke, Manfred"]
[Black "Platzgummer, Peter"]
[Result "1-0"]
[WhiteElo "2183"]
[BlackElo "1933"]
[PlyCount "123"]
[EventDate "2006.09.23"]
[EventType "swiss"]
[EventRounds "9"]
[EventCountry "AUT"]
[SourceTitle "EXT 2009"]
[Source "ChessBase"]
[SourceDate "2008.11.26"]
[SourceVersion "1"]
[SourceVersionDate "2008.11.26"]
[SourceQuality "1"]

1. e4 c5 2. Nf3 e6 3. d3 Nc6 4. g3 d5 5. Nbd2 Bd6 6. Bg2 Nge7 7. 0-0 0-0 8. Re1 Bc7 9. c3 b6 10. Qc2 Ba6 11. exd5 exd5 12. d4 Bc8 13. Bf1 c4 14. b3 Bf5 15. Qd1 b5 16. a4 b4 17. Bb2 Ba5 18. Qc1 bxc3 19. Bxc3 Nb4 20. Bxb4 Bxb4 21. bxc4 Nc6 22. cxd5 Qxd5 23. Bc4 Qd6 24. d5 Na5 25. Nd4 Bxd2 26. Nxf5 Qb4 27. Rb1 Bxc1 28. Rxb4 Bd2 29. Reb1 Bxb4 30. Rxb4 Nxc4 31. Rxc4 g6 32. Ne7+ Kg7 33. Nc6 Kf6 34. Rf4+ Kg7 35. d6 Rfd8 36. Nxd8 Rxd8 37. Rd4 Kf6 38. Rd5 Ke6 39. Ra5 Rd7 40. Ra6 Kd5 41. Kg2 Ke6 42. g4 Rb7 43. Kg3 f6 44. h4 Kd7 45. f3 Kc8 46. d7+ Rxd7 47. Rxf6 Kb7 48. Kf4 Rd4+ 49. Kg5 Rxa4 50. Rf7+ Kb6 51. Rxh7 a5 52. Rg7 Rc4 53. Rxg6+ Kb5 54. h5 Rc5+ 55. Kf4 a4 56. h6 Rc4+ 57. Kg3 Rc8 58. Rg5+ Kb6 59. Re5 a3 60. Re3 Ra8 61. h7 Kc5 62. Rxa3 1-0

[Event "Seefeld op 17th"]
[Site "Seefeld"]
[Date "2006.09.24"]
[Round "2"]
[White "Thoeny, Hermann"]
[Black "Platzgummer, Peter"]
[Result "1-0"]
[WhiteElo "2175"]
[BlackElo "1933"]
[PlyCount "67"]
[EventDate "2006.09.23"]
[EventType "swiss"]
[EventRounds "9"]
[EventCountry "AUT"]
[SourceTitle "EXT 2009"]
[Source "ChessBase"]
[SourceDate "2008.11.26"]
[SourceVersion "1"]
[SourceVersionDate "2008.11.26"]
[SourceQuality "1"]

1. Nf3 Nf6 2. c4 e6 3. g3 c5 4. Bg2 Na6 5. 0-0 Nc7 6. Nc3 a6 7. d4 d5 8. b3 b5 9. Qd3 Rb8 10. Rd1 Be7 11. Bf4 dxc4 12. bxc4 Bd7 13. e4 0-0 14. d5 bxc4 15. Qc2 exd5 16. exd5 Qc8 17. d6 Bd8 18. dxc7 Bxc7 19. Bxc7 Qxc7 20. Ng5 Qe5 21. Rd5 Bf5 22. Rxe5 Bxc2 23. Rxc5 Bd3 24. Nd5 Nd7 25. Rc7 Ne5 26. f4 Ng6 27. Ne3 h6 28. Nf3 Rfc8 29. Rxc8+ Rxc8 30. Bf1 Be4 31. Nd2 c3 32. Nxe4 c2 33. Rc1 Re8 34. Bd3 1-0

[Event "Seefeld op 15th"]
[Site "Seefeld"]
[Date "2004.09.20"]
[Round "3"]
[White "Platzgummer, Peter"]
[Black "Birchmeier, Walter"]
[Result "1/2-1/2"]
[WhiteElo "1850"]
[BlackElo "1874"]
[PlyCount "99"]
[EventDate "2004.09.18"]
[EventType "swiss"]
[EventRounds "9"]
[EventCountry "AUT"]
[SourceTitle "EXT 2005"]
[Source "ChessBase"]
[SourceDate "2004.11.15"]
[SourceVersion "1"]
[SourceVersionDate "2004.11.15"]
[SourceQuality "1"]

1. e4 e6 2. d4 d5 3. e5 c5 4. c3 Qb6 5. Nf3 Bd7 6. Be2 Nc6 7. 0-0 cxd4 8. cxd4 Nge7 9. Nc3 Nf5 10. Na4 Qc7 11. Be3 Be7 12. Rc1 0-0 13. a3 Rac8 14. b4 Qd8 15. Qb3 Nb8 16. Rxc8 Qxc8 17. Rc1 Qd8 18. Nc5 b6 19. Na6 Nxa6 20. Bxa6 b5 21. a4 Qb6 22. axb5 Bxb5 23. Bxb5 Qxb5 24. Bd2 a5 25. g4 Nh4 26. Nxh4 Bxh4 27. Qh3 Bd8 28. Qa3 Qe2 29. Qe3 Qxg4+ 30. Kh1 axb4 31. Rg1 Qe4+ 32. Qxe4 dxe4 33. Bxb4 Re8 34. Rc1 Bh4 35. Kg2 f5 36. Rc7 h6 37. Bc5 Bg5 38. Kg3 f4+ 39. Kg4 e3 40. fxe3 fxe3 41. h4 e2 42. Bb4 Be3 43. Rc2 Rb8 44. Be1 Rf8 45. Rxe2 Bxd4 46. Bg3 Rf5 47. h5 Kh7 48. Bf4 g6 49. hxg6+ Kxg6 50. Kf3 1/2-1/2

[Event "Wattens op 12th"]
[Site "Wattens"]
[Date "1997.??.??"]
[Round "?"]
[White "Rotstein, Arkadij"]
[Black "Platzgummer, Peter"]
[Result "1-0"]
[WhiteElo "2455"]
[BlackElo "1760"]
[PlyCount "31"]
[EventDate "1997.??.??"]
[EventType "swiss"]
[EventRounds "9"]
[EventCountry "AUT"]
[SourceTitle "EXT 2000"]
[Source "ChessBase"]
[SourceDate "1999.11.16"]
[SourceVersion "1"]
[SourceVersionDate "1999.11.16"]
[SourceQuality "1"]

1. e4 c5 2. Nc3 e6 3. Nge2 Nc6 4. d4 cxd4 5. Nxd4 d5 6. exd5 exd5 7. Bb5 Nge7 8. 0-0 Qd6 9. Re1 Bd7 10. Bg5 0-0-0 11. Nxc6 Bxc6 12. Qd4 b6 13. Bxe7 Bxe7 14. Bxc6 Bf6 15. Qa4 Bxc3 16. Qa6+ 1-0

[Event "Wattens op 12th"]
[Site "Wattens"]
[Date "1997.??.??"]
[Round "?"]
[White "Wiesinger, Bianca"]
[Black "Platzgummer, Peter"]
[Result "1/2-1/2"]
[WhiteElo "1610"]
[BlackElo "1760"]
[PlyCount "46"]
[EventDate "1997.??.??"]
[EventType "swiss"]
[EventRounds "9"]
[EventCountry "AUT"]
[SourceTitle "EXT 2000"]
[Source "ChessBase"]
[SourceDate "1999.11.16"]
[SourceVersion "1"]
[SourceVersionDate "1999.11.16"]
[SourceQuality "1"]

1. e4 c5 2. Nf3 Nc6 3. d4 cxd4 4. Nxd4 e5 5. Nb5 d6 6. N1c3 a6 7. Na3 Be6 8. Nd5 Be7 9. c4 Nf6 10. Qd3 0-0 11. Nc2 Rc8 12. b3 Bxd5 13. cxd5 Nb8 14. Be2 Qc7 15. Ne3 Qc3+ 16. Qxc3 Rxc3 17. Bb2 Rc7 18. f3 Rfc8 19. Kf2 Nbd7 20. Rac1 Nc5 21. Nc4 b5 22. Na5 Kf8 23. b4 Na4 1/2-1/2

[Event "Wattens op 08th"]
[Site "Wattens"]
[Date "1993.??.??"]
[Round "?"]
[White "Anfang, Max"]
[Black "Platzgummer, Peter"]
[Result "0-1"]
[WhiteElo "1855"]
[BlackElo "1770"]
[PlyCount "46"]
[EventDate "1993.??.??"]
[EventType "swiss"]
[EventRounds "9"]
[EventCountry "AUT"]
[SourceTitle "EXT 2000"]
[Source "ChessBase"]
[SourceDate "1999.11.16"]
[SourceVersion "1"]
[SourceVersionDate "1999.11.16"]
[SourceQuality "1"]

1. e4 c5 2. Nf3 Nc6 3. d4 cxd4 4. Nxd4 g6 5. Nc3 Bg7 6. Be3 d6 7. Be2 Nf6 8. 0-0 0-0 9. Kh1 a6 10. f4 e5 11. Nxc6 bxc6 12. fxe5 Ne8 13. Bf4 f5 14. exf5 Bxf5 15. exd6 Ra7 16. Qd2 Rd7 17. Rad1 Nxd6 18. Bxd6 Rf6 19. Bc4+ Kh8 20. Be5 Rxd2 21. Bxf6 Bxf6 22. Rxd2 Qxd2 23. g4 Bxc3 0-1